|
|
|
|
| LEADER |
00000nam a22000007ib4500 |
| 001 |
IT\ICCU\BMC\0010486 |
| 003 |
ItRI |
| 005 |
20250825132756.0 |
| 008 |
241225s1998 xxu|||||| ||||| |||||c |
| 040 |
|
|
|b ita
|c ct
|
| 041 |
|
7 |
|a eng
|2 ISO-639-2
|
| 245 |
0 |
0 |
|a 7 /
|c edited and with an introduction by David Bergman.
|
| 260 |
|
|
|a New York :
|b Plume,
|c 1998
|
| 300 |
|
|
|a XIV, 379 p. ;
|c 21 cm
|
| 773 |
0 |
|
|w IT\ICCU\BMC\0010484
|t Men on men
|g 7
|
| 942 |
|
|
|2 ddc
|c BK
|
| 952 |
|
|
|0 0
|1 0
|2 ddc
|4 0
|6 B_LNR05BANKEMEN11
|7 0
|9 5369
|a MI
|b MI
|d 2005-08-28
|i 4679
|l 0
|o B-LNR05-BANKE-MEN11
|p CDOM4679
|r 2025-07-13 16:27:00
|w 2025-07-13
|x ACQUISTO
|y BK
|
| 981 |
|
1 |
|6 z01
|a i
|b xxxe
|
| 982 |
|
1 |
|6 z01
|a n
|
| 999 |
|
|
|c 4284
|d 4284
|